Anna v Redmonde (Record no. 22332)
[ view plain ]
| 000 -LEADER | |
|---|---|
| fixed length control field | 01674cam a2200433 a 4500 |
| 001 - CONTROL NUMBER | |
| control field | 22332 |
| 003 - CONTROL NUMBER IDENTIFIER | |
| control field | VRT |
| 005 - DATE AND TIME OF LATEST TRANSACTION | |
| control field | 20260326142620.0 |
| 008 - FIXED-LENGTH DATA ELEMENTS--GENERAL INFORMATION | |
| fixed length control field | 240226s1991 xo j 000 f slo |
| 015 ## - NATIONAL BIBLIOGRAPHY NUMBER | |
| National bibliography number | SNBA1991/11 |
| 020 ## - INTERNATIONAL STANDARD BOOK NUMBER | |
| International Standard Book Number | 8006003300 |
| Qualifying information | (zv. 3.) |
| 035 ## - SYSTEM CONTROL NUMBER | |
| System control number | 68303F1F-CE31-4DFF-B06A-E0952430F3D6 |
| 035 ## - SYSTEM CONTROL NUMBER | |
| System control number | SNK000008949 |
| 035 ## - SYSTEM CONTROL NUMBER | |
| System control number | urn:nbn:sk:snk-am005bvr |
| 035 ## - SYSTEM CONTROL NUMBER | |
| System control number | urn:nbn:sk:snk-amkqs5 |
| 039 #9 - LEVEL OF BIBLIOGRAPHIC CONTROL AND CODING DETAIL [OBSOLETE] | |
| Level of rules in bibliographic description | 202402262112 |
| Level of effort used to assign nonsubject heading access points | VLOAD |
| Level of effort used to assign subject headings | 202205120747 |
| Level of effort used to assign classification | VLOAD |
| Level of effort used to assign subject headings | 202003221504 |
| Level of effort used to assign classification | csnk01 |
| Level of effort used to assign subject headings | 202001261023 |
| Level of effort used to assign classification | AUTHORITY |
| 040 ## - CATALOGING SOURCE | |
| Original cataloging agency | SNK |
| Language of cataloging | slo |
| Original cataloging agency | SNK |
| Description conventions | AACR2 |
| 041 1# - LANGUAGE CODE | |
| Language code of text/sound track or separate title | slo |
| Language code of original | eng |
| 044 ## - COUNTRY OF PUBLISHING/PRODUCING ENTITY CODE | |
| MARC country code | xo |
| ISO country code | SK |
| 080 ## - UNIVERSAL DECIMAL CLASSIFICATION NUMBER | |
| Universal Decimal Classification number | 820 (71)-3(087.5) |
| Edition identifier | 1981 |
| 100 1# - MAIN ENTRY--PERSONAL NAME | |
| Personal name | Montgomery, Lucy Maud, |
| Dates associated with a name | 1874-1942 |
| Relationship | aut |
| 240 10 - UNIFORM TITLE | |
| Uniform title | Anne of the Island |
| Language of a work | Slovensky |
| 245 10 - TITLE STATEMENT | |
| Title | Anna v Redmonde |
| Statement of responsibility, etc. | Lucy Maud Montgomeryová ; z anglického originálu Anne of the Island ... preložil Jozef Šimo ; ilustroval Jozef Trepáč |
| 250 ## - EDITION STATEMENT | |
| Edition statement | 5. vyd. |
| 260 ## - PUBLICATION, DISTRIBUTION, ETC. | |
| Place of publication, distribution, etc. | Bratislava |
| Name of publisher, distributor, etc. | Mladé letá |
| Date of publication, distribution, etc. | 1991 |
| 300 ## - PHYSICAL DESCRIPTION | |
| Extent | 248 s. |
| Dimensions | 21 cm |
| 500 ## - GENERAL NOTE | |
| General note | Frontispice. Predsádky. Výslovnosť cudzích mien a názvov |
| 521 ## - TARGET AUDIENCE NOTE | |
| Target audience note | Pre čitateľov od 11 rokov |
| 655 #7 - INDEX TERM--GENRE/FORM | |
| Genre/form data or focus term | dievčenské romány |
| Source of term | SNKPH |
| 655 #7 - INDEX TERM--GENRE/FORM | |
| Genre/form data or focus term | kanadské romány (anglicky) |
| Source of term | SNKPH |
| 700 1# - ADDED ENTRY--PERSONAL NAME | |
| Personal name | Šimo, Jozef, |
| Dates associated with a name | 1909-1984 |
| Relationship | trl |
| 700 1# - ADDED ENTRY--PERSONAL NAME | |
| Personal name | Trepáč, Jozef, |
| Dates associated with a name | 1936- |
| Relationship | ill |
| 910 ## - USER-OPTION DATA (OCLC) | |
| User-option data | snk |
| 942 ## - ADDED ENTRY ELEMENTS (KOHA) | |
| Source of classification or shelving scheme | Dewey Decimal Classification |
| Koha item type | Krásna literatúra pre dospelých |
| Suppress in OPAC | No |
| 949 ## - LOCAL PROCESSING INFORMATION (OCLC) | |
| 6 | 17A0323920 |
| 9 | P60, <04>, [BOOK], {604} |
| a | snkSC 80388 D1 |
| b | snkKSP 7558/91 |
| s | 6100:20140925 |
| 949 ## - LOCAL PROCESSING INFORMATION (OCLC) | |
| 6 | 270001000069578 |
| a | svkbbA 77322 |
| b | svkbbm 562791 |
| p | 562.791 |
| 949 ## - LOCAL PROCESSING INFORMATION (OCLC) | |
| 6 | 17A0946109 |
| a | snkSC 80388 |
| 949 ## - LOCAL PROCESSING INFORMATION (OCLC) | |
| 6 | 273K0532430 |
| a | svkpoA 151749/III |
| b | svkpo380210 |
| o | PV 1489/92 |
| q | vytrhnutý titul. list |
| r | vytrhnutý titul. list |
| Stav vyradenia | Strata | Poškodenie | Spôsob nadobudnutia | Domovská knižnica | Aktuálna knižnica | Dátum nadobudnutia | Total checkouts | Čiarový kód exemplára | Date last seen | Typ exemplára |
|---|---|---|---|---|---|---|---|---|---|---|
| Dar | Obecná knižnica Horná Štubňa | Obecná knižnica Horná Štubňa | 26.03.2026 | 4736201958 | 26.03.2026 | Krásna literatúra pre dospelých |
